Statistics for Finn Wittrock Filmography

Click here to take the quiz!

General Stats

  • This quiz has been taken 2 times
  • The average score is 5 of 62

Answer Stats

TypeYearName% Correct
TV Show2014-PresentAmerican Horror Story
100%
Web Series2020-PresentRatched
100%
TV Show2018American Crime Story
50%
FilmTBADon't Move
50%
Film2023Downtown Owl
50%
Film2016La La Land
50%
Film2015The Big Short
50%
Film2018A Futile and Stupid Gesture
0%
TV Show2009-2011All My Children
0%
TV Show2019Alternatino with Arturo Castro
0%
Film2017A Midsummer Night's Dream
0%
Film2021A Mouthful of Air
0%
Theater1996A Winter's Tale
0%
Short Film2019Big Boy Pants
0%
TV Show2020Cake
0%
Theater2008Candida
0%
TV Show2003Cold Case
0%
TV Show2012Criminal Minds
0%
TV Show2004CSI: Miami
0%
TV Show2015Deadbeat
0%
Theater2012Death of a Salesman
0%
Film2022Deep Water
0%
TV Show2003ER
0%
TV Film2004Halloweentown High
0%
TV Show2012Harry's Law
0%
Short Film2014Home Is Where Your Heart Aches
0%
Film2018If Beale Street Could Talk
0%
Music Video2018If You Really Love Nothing
0%
Film2019Judy
0%
Theater1997King John
0%
Film2017Landline
0%
TV Show2013Law & Order: Special Victims Unit
0%
Short Film2002Le Dernier Tour
0%
Film2018Locating Silver Lake
0%
Film2021Long Weekend
0%
Short FilmTBALouie
0%
Film2022Luckiest Girl Alive
0%
TV Show2013Masters of Sex
0%
Film2015My All-American
0%
Film2014Noah
0%
Theater2016-2017Othello
0%
Film2019Plus One
0%
Podcast2021Red Frontier
0%
Theater2008Romeo and Juliet
0%
Film2019Semper Fi
0%
FilmTBAStart Without Me
0%
Theater2012Sweet Bird of Youth
0%
Theater2009The Age of Iron
0%
Theater2011The Altruists
0%
Theater2012The Blue Deep
0%
Theater2017The Glass Menagerie
0%
Theater2013The Guardsman
0%
Theater2011The Illusion
0%
Theater2010The Laramie Project
0%
Film2019The Last Black Man in San Francisco
0%
TV Film2014The Normal Heart
0%
Film2015The Submarine Kid
0%
TV Show2011Torchwood: Miracle Day
0%
Film2010Twelve
0%
Film2014Unbroken
0%
Film2014Winter's Tale
0%
Film2018Write When You Get Work
0%

Score Distribution

Percentile by Number Answered

Percent of People with Each Score

Your Score History

You have not taken this quiz